| 000 | 02038cam a22003614a 4500 | ||
|---|---|---|---|
| 001 | 8363878 | ||
| 003 | USPCAS-E | ||
| 005 | 20180118181420.0 | ||
| 006 | m d | ||
| 007 | cr n | ||
| 008 | 060908s2006 gw a sb 001 0 eng d | ||
| 020 | _a3527312188 | ||
| 020 | _a9783527312184 | ||
| 035 | _a(WaSeSS)ssj0000216074 | ||
| 040 |
_aUKM _beng _cUKM _dBAKER _dCUS _dDAY _dDLC _dWaSeSS |
||
| 050 | 4 |
_aTK7871.89.L53 _bO733 2006 |
|
| 082 |
_222 _a620.11295 _bORG 2006 |
||
| 210 | 1 | 0 | _aOrganic light-emitting devices |
| 245 | 0 | 0 |
_aOrganic light-emitting devices _bsynthesis, properties, and applications / _cedited by Klaus Müllen and Ullrich Scherf. |
| 260 |
_aWeinheim : _bWiley-VCH, _cc2006. |
||
| 502 | _a. | ||
| 504 | _aIncludes bibliographical references and index. | ||
| 505 | 0 | _aInorganic semiconductors for light-emitting diodes -- Electronic processes at semiconductor polymer heterojunctions -- Photophysics of luminescent conjugated polymers -- Polymer-based light-emitting diodes (PLEDs) and displays fabricated from arrays of PLEDs -- Metal/polymer interface studies for organic light-emitting devices -- The synthesis of electroluminescent polymers -- Charge-transporting and charge-blocking amorphous molecular materials for organic light-emitting diodes -- Dendrimer light-emitting diodes -- Crosslinkable organic semiconductors for use in organic light-emitting diodes (OLEDs) -- Hybrid OLEDs with semiconductor nanocrystals -- Polymer electrophosphorescence devices -- Low-threshold organic semiconductor lasers. | |
| 506 | _aLicense restrictions may limit access. | ||
| 650 | 0 | _aElectroluminescent devices. | |
| 650 | 0 | _aLight emitting diodes. | |
| 700 | 1 |
_aMüllen, K. _q(Klaus) |
|
| 700 | 1 | _aScherf, Ullrich. | |
| 773 | 0 | _tWiley-Blackwell Online Books - Chemistry Collection | |
| 856 | 4 | 0 |
_uhttp://www.columbia.edu/cgi-bin/cul/resolve?clio8363878 _zFull text available from Wiley-Blackwell Online Books - Chemistry Collection |
| 910 | _aLibrary of Congress record | ||
| 942 |
_2ddc _cBK |
||
| 999 |
_c355997 _d355997 |
||